| 000 | 00489cam a2200193 4500 | ||
|---|---|---|---|
| 008 | 090401t1984 xxu||||| |||| 00| 0 eng d | ||
| 020 | _a0946700060 | ||
| 035 | _a(Sirsi) u33335 | ||
| 041 | _aeng | ||
| 050 | _a346.410434 | ||
| 100 | _aWaterson, G. | ||
| 245 | _aLandlord and tenant law | ||
| 260 |
_aLondon _bHenry Stewart Publications _c1984 |
||
| 300 | _a36p. ; 22cm. | ||
| 350 | _a25 | ||
| 490 |
_aHenry Stewart Briefings for Surveyors _v1 |
||
| 942 | _n0 | ||
| 948 | _c04/03/1997 | ||
| 999 |
_c89792 _d89792 |
||